Detalles MARC
| 000 -LEADER |
| fixed length control field |
02164nam a2200469Ii 4500 |
| 001 - CONTROL NUMBER |
| control field |
DIGVEDIV0567 |
| 003 - CONTROL NUMBER IDENTIFIER |
| control field |
NyNyDIG |
| 008 - FIXED-LENGTH DATA ELEMENTS--GENERAL INFORMATION |
| fixed length control field |
230705s2023 sp ob 100 0 spa d |
| 006 - FIXED-LENGTH DATA ELEMENTS--ADDITIONAL MATERIAL CHARACTERISTICS |
| fixed length control field |
m o d |
| 007 - PHYSICAL DESCRIPTION FIXED FIELD--GENERAL INFORMATION |
| fixed length control field |
cr ||||||||||| |
| 035 ## - SYSTEM CONTROL NUMBER |
| System control number |
(OCoLC)1391272911 |
| 040 ## - CATALOGING SOURCE |
| Original cataloging agency |
DGITA |
| Language of cataloging |
eng |
| Description conventions |
rda |
| -- |
pn |
| Transcribing agency |
DGITA |
| 043 ## - GEOGRAPHIC AREA CODE |
| Geographic area code |
f------ |
| 020 ## - INTERNATIONAL STANDARD BOOK NUMBER |
| International Standard Book Number |
9788490739181 |
| Qualifying information |
eBook |
| 050 14 - LIBRARY OF CONGRESS CALL NUMBER |
| Classification number |
BX1751.3 ebook |
| 111 2# - MAIN ENTRY--MEETING NAME |
| Meeting name or jurisdiction name as entry element |
Congreso Católico Panafricano sobre Teología, Sociedad y Vida |
| Number of part/section/meeting |
(2nd : |
| Date of meeting or treaty signing |
2022 : |
| Location of meeting |
Nairobi, Kenia), |
| Relator term |
author. |
| 245 10 - TITLE STATEMENT |
| Title |
Perspectivas sobre la teología y la Iglesia en África / |
| Statement of responsibility, etc. |
II Congreso Católico Panafricano sobre Teología, Sociedad y Vida ; Stan Chu Ilo, Anne-Béatrice Faye, Margareta Gruber, Stephan van Erp, (eds). |
| 264 #1 - PRODUCTION, PUBLICATION, DISTRIBUTION, MANUFACTURE, AND COPYRIGHT NOTICE |
| Place of production, publication, distribution, manufacture |
Estella (Navarra), España : |
| Name of producer, publisher, distributor, manufacturer |
EVD, Editorial Verbo Divino, |
| Date of production, publication, distribution, manufacture, or copyright notice |
[2023] |
| 300 ## - PHYSICAL DESCRIPTION |
| Extent |
1 online resource. |
| 336 ## - CONTENT TYPE |
| Content type term |
text |
| Content type code |
txt |
| Source |
rdacontent |
| 337 ## - MEDIA TYPE |
| Media type term |
computer |
| Media type code |
c |
| Source |
rdamedia |
| 338 ## - CARRIER TYPE |
| Carrier type term |
online resource |
| Carrier type code |
cr |
| Source |
rdacarrier |
| 347 ## - DIGITAL FILE CHARACTERISTICS |
| File type |
text file |
| Source |
rdaft |
| 347 ## - DIGITAL FILE CHARACTERISTICS |
| Encoding format |
EPUB |
| 490 1# - SERIES STATEMENT |
| Series statement |
Concilium Revista Internacional de Teología, |
| International Standard Serial Number |
0210-1041 ; |
| Volume/sequential designation |
400 |
| 504 ## - BIBLIOGRAPHY, ETC. NOTE |
| Bibliography, etc. note |
Includes bibliographical references. |
| 588 0# - SOURCE OF DESCRIPTION NOTE |
| Source of description note |
Online resource; title from ePub title page (Digitalia, viewed July 5, 2023) |
| 610 20 - SUBJECT ADDED ENTRY--CORPORATE NAME |
| Corporate name or jurisdiction name as entry element |
Catholic Church |
| Geographic subdivision |
Africa |
| Form subdivision |
Congresses. |
| 650 #0 - SUBJECT ADDED ENTRY--TOPICAL TERM |
| Topical term or geographic name entry element |
Theology |
| Geographic subdivision |
Africa |
| Form subdivision |
Congresses. |
| 650 #0 - SUBJECT ADDED ENTRY--TOPICAL TERM |
| Topical term or geographic name entry element |
Christianity |
| Geographic subdivision |
Africa |
| Form subdivision |
Congresses. |
| 700 1# - ADDED ENTRY--PERSONAL NAME |
| Personal name |
Ilo, Stan Chu, |
| Relator term |
editor |
| 700 1# - ADDED ENTRY--PERSONAL NAME |
| Personal name |
Faye, Anne-Béatrice, |
| Dates associated with a name |
1963- |
| Relator term |
editor. |
| 700 1# - ADDED ENTRY--PERSONAL NAME |
| Personal name |
Gruber, Margareta, |
| Relator term |
editor. |
| 700 1# - ADDED ENTRY--PERSONAL NAME |
| Personal name |
Erp, Stephan van, |
| Dates associated with a name |
1966- |
| Relator term |
editor. |
| 791 2# - |
| -- |
Digitalia (Firm), |
| -- |
distributor. |
| 793 0# - |
| -- |
Digitalia eBook Collection: |
| -- |
Editorial Verbo Divino |
| 776 08 - ADDITIONAL PHYSICAL FORM ENTRY |
| Relationship information |
Print version: |
| Main entry heading |
Congreso Católico Panafricano sobre Teología, Sociedad y Vida (2nd : 2022 : Nairobi, Kenia) |
| Title |
Perspectivas sobre la teología y la Iglesia en África. |
| Place, publisher, and date of publication |
Estella (Navarra), España : EVD, Editorial Verbo Divino, [2023] |
| 830 #0 - SERIES ADDED ENTRY--UNIFORM TITLE |
| Uniform title |
Concilium Revista Internacional de Teología ; |
| Volume/sequential designation |
400. |
| 856 40 - ELECTRONIC LOCATION AND ACCESS |
| Materials specified |
Digitalia Hispánica |
| Uniform Resource Identifier |
<a href="https://www.digitaliapublishing.com/a/127539/">https://www.digitaliapublishing.com/a/127539/</a> |
| 910 ## - USER-OPTION DATA (OCLC) |
| User-option data |
Premium collection: 2023 |
| 942 ## - ADDED ENTRY ELEMENTS (KOHA) |
| Koha item type |
Recurso Electrónico |